000 00687cam a2200217 i 4500
005 20251204102147.0
008 250721s2005 su gr 000 0 ara d
020 _a9960468151
082 1 4 _a214.5
_bش ا د
100 1 _aالشادي، صالح
_eمؤلف.
245 1 0 _aإنك ميت : رؤية اسلامية /
_cصالح الشادي.
250 _aالطبعة الأولى.
264 3 1 _aبيروت :
_bدار الراتب الجامعية،
_c2005.
300 _a206 صفحة.
490 0 _aسلطة إبليس ؛
_vرقم 6.
650 1 7 _aالوفاة.
650 1 7 _aالجنة.
830 0 _aسلطة إبليس.
942 _2ddc
_cBK
999 _c106195
_d106195